[Event "Niederoesterreich Landesliga 0304"]
[Site "Austria"]
[Date "2003.09.21"]
[Round "1"]
[White "Svanda, Pavel"]
[Black "Blatny, Frantisek"]
[Result "1/2-1/2"]
[WhiteElo "2302"]
[BlackElo "2275"]
[PlyCount "59"]
[EventDate "2003.09.21"]
[EventType "team-tourn"]
[EventRounds "11"]
[EventCountry "AUT"]
[SourceTitle "EXT 2022"]
[Source "ChessBase"]
[SourceDate "2021.10.06"]
[SourceVersion "1"]
[SourceVersionDate "2021.10.06"]
[SourceQuality "1"]

1. e4 e5 2. Nf3 Nc6 3. Bc4 Nf6 4. d3 Be7 5. 0-0 d6 6. c3 0-0 7. Re1 Na5 8. Bb5 a6 9. Ba4 b5 10. Bc2 c5 11. Nbd2 h6 12. Nf1 Re8 13. Ng3 Bf8 14. d4 Nc6 15. h3 Qc7 16. a4 Rb8 17. d5 Na5 18. axb5 axb5 19. b3 Bd7 20. Be3 Ra8 21. Nd2 Nb7 22. Bd3 Rxa1 23. Qxa1 Na5 24. b4 Nb7 25. Qa3 Rb8 26. Ra1 Qc8 27. Bf1 Ne8 28. Nb3 Nc7 29. Qb2 Ra8 30. Rxa8 1/2-1/2

[Event "Ernst Stoeckl Memorial 1st"]
[Site "Vienna"]
[Date "2002.02.07"]
[Round "6.1"]
[White "Hirsch, Adolf Jr"]
[Black "Blatny, Frantisek"]
[Result "1/2-1/2"]
[WhiteElo "2071"]
[BlackElo "2245"]
[PlyCount "135"]
[EventDate "2002.02.02"]
[EventType "swiss"]
[EventRounds "9"]
[EventCountry "AUT"]
[SourceTitle "EXT 2003"]
[Source "ChessBase"]
[SourceDate "2002.11.25"]
[SourceVersion "1"]
[SourceVersionDate "2002.11.25"]
[SourceQuality "1"]

1. Nf3 d5 2. c4 c6 3. g3 e6 4. b3 Nd7 5. Bg2 Bc5 6. Bb2 Ngf6 7. Qc2 0-0 8. 0-0 Re8 9. d4 Bf8 10. Nbd2 a5 11. a3 Rb8 12. e4 Nxe4 13. Nxe4 dxe4 14. Qxe4 b5 15. c5 Nf6 16. Qc2 Nd5 17. Ne5 Qc7 18. Be4 g6 19. h4 Bg7 20. h5 f6 21. Nf3 f5 22. Bd3 Bf6 23. hxg6 hxg6 24. Kg2 Re7 25. Rh1 Rb7 26. Ne5 Bxe5 27. dxe5 Qd8 28. Rh6 Rh7 29. Qd2 g5 30. Rah1 Rxh6 31. Rxh6 Kg7 32. Rh1 b4 33. a4 Rd7 34. Qe2 Rf7 35. Qh5 Kf8 36. Bc1 f4 37. gxf4 Nxf4+ 38. Bxf4 gxf4 39. Qh8+ Ke7 40. Qxd8+ Kxd8 41. Rh8+ Kc7 42. Rh7 Rxh7 43. Bxh7 Ba6 44. Kf3 Kd7 45. Bc2 Bf1 46. Kxf4 Be2 47. Ke3 Bh5 48. Bd3 Bd1 49. Bc4 Ke7 50. Kd2 Bf3 51. Be2 Bd5 52. Bd1 Kf7 53. Ke3 Ke7 54. Bc2 Kd7 55. Kf4 Ke7 56. Kg5 Bf3 57. Kg6 Be2 58. f4 Bg4 59. Kg5 Bf3 60. f5 exf5 61. Kxf5 Bd5 62. Bd1 Kf7 63. Kf4 Ke6 64. Bc2 Kd7 65. Ke3 Kc7 66. Kd4 Be6 67. Bd1 Kd7 68. Bc2 1/2-1/2

[Event "Morava-chT 9899"]
[Site "Czech Republic"]
[Date "1999.??.??"]
[Round "7"]
[White "Blatny, Frantisek"]
[Black "Keprt, Pavel"]
[Result "1-0"]
[WhiteElo "2305"]
[BlackElo "2220"]
[PlyCount "47"]
[EventDate "1998.??.??"]
[EventType "team-tourn"]
[EventRounds "11"]
[EventCountry "CZE"]
[SourceTitle "EXT 2000"]
[Source "ChessBase"]
[SourceDate "1999.11.16"]
[SourceVersion "1"]
[SourceVersionDate "1999.11.16"]
[SourceQuality "1"]

1. e4 g6 2. d4 Bg7 3. Nc3 d6 4. Be3 Nc6 5. Qd2 e5 6. Nge2 exd4 7. Nxd4 Nxd4 8. Bxd4 Nf6 9. Be2 0-0 10. 0-0-0 a5 11. h4 a4 12. a3 Re8 13. h5 Bd7 14. hxg6 hxg6 15. f4 Bc6 16. Bf3 Bxe4 17. Nxe4 Rxe4 18. Bxe4 Nxe4 19. Qe3 Nf6 20. f5 Ng4 21. Bxg7 Kxg7 22. Qf4 Ne5 23. f6+ Kg8 24. Rh8+ 1-0

[Event "AUT-chT 9798"]
[Site "Austria"]
[Date "1997.11.08"]
[Round "4"]
[White "Moser, Guenter"]
[Black "Blatny, Frantisek"]
[Result "1/2-1/2"]
[WhiteElo "2355"]
[BlackElo "2305"]
[PlyCount "30"]
[EventDate "1997.10.12"]
[EventType "team-tourn"]
[EventRounds "11"]
[EventCountry "AUT"]
[SourceTitle "CBM 063 ext"]
[Source "ChessBase"]
[SourceDate "1998.04.29"]
[SourceVersion "1"]
[SourceVersionDate "1998.04.29"]
[SourceQuality "1"]
[WhiteTeam "Traun"]
[BlackTeam "Hietzing"]
[WhiteTeamCountry "AUT"]
[BlackTeamCountry "AUT"]

1. d4 Nf6 2. Bg5 d6 3. Bxf6 exf6 4. e3 g6 5. Bd3 f5 6. Ne2 Bg7 7. c3 Nd7 8. Nd2 Nf6 9. Qc2 Bd7 10. 0-0-0 d5 11. f3 0-0 12. Rde1 Qe8 13. Nf4 b6 14. Qb3 c6 15. g3 a5 1/2-1/2

[Event "AUT-chT 9697"]
[Site "Austria"]
[Date "1997.??.??"]
[Round "10"]
[White "Blatny, Frantisek"]
[Black "Wiedner, Robert"]
[Result "1-0"]
[WhiteElo "2325"]
[BlackElo "2220"]
[PlyCount "115"]
[EventDate "1996.??.??"]
[EventType "team"]
[EventRounds "11"]
[EventCountry "AUT"]
[SourceTitle "CBM 057 Extra"]
[Source "ChessBase"]
[SourceDate "1997.05.01"]
[SourceVersion "1"]
[SourceVersionDate "1997.05.01"]
[SourceQuality "1"]

1. e4 c5 2. Nc3 Nc6 3. g3 g6 4. Bg2 Bg7 5. d3 d6 6. Be3 e5 7. Qd2 Be6 8. f4 f6 9. Nf3 h6 10. 0-0 Qd7 11. Nh4 Nge7 12. Nxg6 Nxg6 13. f5 Bxf5 14. Rxf5 h5 15. Nd5 0-0-0 16. Nxf6 Bxf6 17. Rxf6 Rdg8 18. Qf2 Nge7 19. h4 Kc7 20. Kh2 Qd8 21. Rf1 Rh7 22. Bg5 b5 23. Rf7 Rhg7 24. Rxg7 Rxg7 25. Qf6 Qg8 26. c3 a5 27. Bh3 Rg6 28. Qf2 Rxg5 29. hxg5 Qxg5 30. a3 a4 31. Be6 Kb6 32. b4 axb3 33. Bxb3 Ng6 34. Rg1 Nce7 35. Bf7 Ka5 36. Be8 Kb6 37. c4 bxc4 38. Rb1+ Kc7 39. Bxg6 Qxg6 40. Qb2 Kd7 41. Qb7+ Ke6 42. Qa6 cxd3 43. Qxd3 Qh6 44. Qc4+ Kd7 45. Rb7+ Ke8 46. Qb5+ Kf7 47. Qd7 Qd2+ 48. Kh3 Qg5 49. Qf5+ Qxf5+ 50. exf5 Kf6 51. Rxe7 Kxe7 52. Kg2 Kf6 53. a4 Kxf5 54. a5 Ke4 55. a6 Ke3 56. a7 c4 57. a8Q c3 58. Qa3 1-0

[Event "Morava-chT 9798"]
[Site "Czech Republic"]
[Date "1997.??.??"]
[Round "1.2"]
[White "Urbanec, Ladislav"]
[Black "Blatny, Frantisek"]
[Result "1/2-1/2"]
[WhiteElo "2245"]
[BlackElo "2305"]
[PlyCount "72"]
[EventDate "1997.??.??"]
[EventType "team-tourn"]
[EventRounds "11"]
[EventCountry "CZE"]
[SourceTitle "EXT 1999"]
[Source "ChessBase"]
[SourceDate "1998.11.16"]
[SourceVersion "1"]
[SourceVersionDate "1998.11.16"]
[SourceQuality "1"]

1. e4 e5 2. Nf3 Nc6 3. Bb5 a6 4. Ba4 Nf6 5. d4 exd4 6. 0-0 Be7 7. e5 Ne4 8. Nxd4 Nxd4 9. Qxd4 Nc5 10. Nc3 0-0 11. Bg5 Nxa4 12. Bxe7 Qxe7 13. Nxa4 Re8 14. f4 b5 15. Nc3 Bb7 16. Rad1 Rad8 17. Qa7 Bc6 18. Qxc7 b4 19. Ne2 Rc8 20. Qd6 Qxd6 21. Rxd6 Bb5 22. Rd2 f6 23. a4 bxa3 24. b3 d5 25. Ra1 fxe5 26. fxe5 Rxe5 27. Nd4 Rce8 28. Rxa3 Re1+ 29. Kf2 Rf1+ 30. Kg3 Re3+ 31. Nf3 Be2 32. Ra5 h5 33. Raxd5 Bxf3 34. gxf3 Rfxf3+ 35. Kg2 h4 36. Rf2 Rxf2+ 1/2-1/2

[Event "AUT-chT 9697"]
[Site "Austria"]
[Date "1996.??.??"]
[Round "4"]
[White "Blatny, Frantisek"]
[Black "Schumi, Manfred"]
[Result "1/2-1/2"]
[WhiteElo "2325"]
[BlackElo "2245"]
[PlyCount "55"]
[EventDate "1996.??.??"]
[EventType "team"]
[EventRounds "11"]
[EventCountry "AUT"]
[SourceTitle "CBM 057 Extra"]
[Source "ChessBase"]
[SourceDate "1997.05.01"]
[SourceVersion "1"]
[SourceVersionDate "1997.05.01"]
[SourceQuality "1"]

1. e4 c5 2. Nc3 Nc6 3. g3 g6 4. Bg2 Bg7 5. d3 d6 6. Be3 e6 7. Qd2 Qa5 8. f4 Nd4 9. Nf3 Ne7 10. Nxd4 cxd4 11. Nd1 Qxd2+ 12. Bxd2 Nc6 13. c4 dxc3 14. bxc3 Bd7 15. Rb1 Rb8 16. Ne3 Ke7 17. d4 Rhc8 18. 0-0 f5 19. Rfe1 Kf7 20. exf5 gxf5 21. Bh3 Na5 22. Rb4 d5 23. Bf1 Bf8 24. Rbb1 Bd6 25. Bd3 b5 26. Kf2 Nc4 27. Nxc4 dxc4 28. Be2 1/2-1/2

[Event "Schlechter Memorial"]
[Site "Vienna"]
[Date "1996.??.??"]
[Round "5"]
[White "Blatny, Frantisek"]
[Black "Spindelboeck, Gernot"]
[Result "1/2-1/2"]
[WhiteElo "2325"]
[BlackElo "2260"]
[PlyCount "104"]
[EventDate "1996.10.10"]
[EventType "swiss"]
[EventRounds "9"]
[EventCountry "AUT"]
[SourceTitle "CBM 055 Extra"]
[Source "ChessBase"]
[SourceDate "1997.01.01"]
[SourceVersion "1"]
[SourceVersionDate "1997.01.01"]
[SourceQuality "1"]

1. e4 e6 2. d4 d5 3. e5 c5 4. Nf3 Nc6 5. c3 Qb6 6. a3 Nh6 7. b4 cxd4 8. Bxh6 gxh6 9. cxd4 Rg8 10. Nc3 Bd7 11. Na4 Qd8 12. g3 Rc8 13. Bd3 Rg7 14. Rc1 Nxd4 15. Nxd4 Rxc1 16. Qxc1 Bxa4 17. 0-0 Bd7 18. Kh1 h5 19. Qe3 Qb6 20. Be2 h4 21. g4 Be7 22. Rc1 Kf8 23. h3 Kg8 24. Nb5 Qxe3 25. fxe3 a6 26. Na7 Bd8 27. b5 axb5 28. Bxb5 f6 29. exf6 Bxf6 30. Bxd7 Rxd7 31. Rc8+ Kg7 32. Kg2 e5 33. Nb5 d4 34. exd4 exd4 35. Rc7 Rxc7 36. Nxc7 d3 37. Kf3 Bg5 38. Ne6+ Kf6 39. Nc5 d2 40. Ke2 b5 41. Ne4+ Kg6 42. Nc3 Kf6 43. Nxb5 Ke5 44. a4 Kf4 45. Nd6 Bd8 46. Nf5 Ba5 47. Nxh4 Kg3 48. Nf5+ Kxh3 49. Ne3 Kg3 50. Nc4 Bc7 51. a5 Bxa5 52. Nxa5 Kxg4 1/2-1/2

[Event "Schlechter Memorial"]
[Site "Vienna"]
[Date "1996.??.??"]
[Round "7"]
[White "Palkovi, Jozsef"]
[Black "Blatny, Frantisek"]
[Result "1/2-1/2"]
[WhiteElo "2460"]
[BlackElo "2325"]
[PlyCount "74"]
[EventDate "1996.10.10"]
[EventType "swiss"]
[EventRounds "9"]
[EventCountry "AUT"]
[SourceTitle "CBM 055 Extra"]
[Source "ChessBase"]
[SourceDate "1997.01.01"]
[SourceVersion "1"]
[SourceVersionDate "1997.01.01"]
[SourceQuality "1"]

1. e4 e5 2. Nf3 Nc6 3. Bb5 a6 4. Ba4 Nf6 5. 0-0 Be7 6. Re1 b5 7. Bb3 d6 8. c3 Na5 9. Bc2 c5 10. d4 Qc7 11. Nbd2 Bd7 12. d5 0-0 13. b3 Nb7 14. Rb1 Rac8 15. Nf1 Qa5 16. Bd2 b4 17. c4 Qd8 18. h3 Ne8 19. g4 g6 20. Ng3 Ng7 21. Bh6 Ra8 22. Qd2 f6 23. Nh2 Qe8 24. Rf1 Nd8 25. Kg2 Nf7 26. Be3 a5 27. f3 a4 28. h4 axb3 29. axb3 Ra2 30. Ra1 Qa8 31. Rxa2 Qxa2 32. Rf2 Ra8 33. Qd1 Qa1 34. Bc1 Ra2 35. Nhf1 Qc3 36. Ne3 Qd4 37. Bd3 Rxf2+ 1/2-1/2

[Event "AUT-chT 9697"]
[Site "Austria"]
[Date "1996.??.??"]
[Round "6"]
[White "Thoma, Robert"]
[Black "Blatny, Frantisek"]
[Result "1/2-1/2"]
[WhiteElo "2280"]
[BlackElo "2325"]
[PlyCount "38"]
[EventDate "1996.??.??"]
[EventType "team"]
[EventRounds "11"]
[EventCountry "AUT"]
[SourceTitle "CBM 057 Extra"]
[Source "ChessBase"]
[SourceDate "1997.05.01"]
[SourceVersion "1"]
[SourceVersionDate "1997.05.01"]
[SourceQuality "1"]

1. Nf3 Nf6 2. b3 e6 3. Bb2 b6 4. e3 Bb7 5. d4 Ne4 6. Be2 f5 7. 0-0 Bd6 8. Ne5 0-0 9. f3 Nf6 10. c4 Qe7 11. Nc3 a6 12. f4 Bb4 13. Bf3 Bxc3 14. Bxc3 Ne4 15. Qe1 d6 16. Nd3 Nd7 17. Nf2 Ndf6 18. Rc1 c5 19. dxc5 bxc5 1/2-1/2

[Event "Schlechter Memorial"]
[Site "Vienna"]
[Date "1996.??.??"]
[Round "1"]
[White "Vodep, Otto"]
[Black "Blatny, Frantisek"]
[Result "1/2-1/2"]
[WhiteElo "2205"]
[BlackElo "2325"]
[PlyCount "89"]
[EventDate "1996.10.10"]
[EventType "swiss"]
[EventRounds "9"]
[EventCountry "AUT"]
[SourceTitle "CBM 055 Extra"]
[Source "ChessBase"]
[SourceDate "1997.01.01"]
[SourceVersion "1"]
[SourceVersionDate "1997.01.01"]
[SourceQuality "1"]

1. e4 e5 2. Nc3 Nc6 3. Bc4 Nf6 4. d3 d6 5. Nf3 Be7 6. 0-0 Bg4 7. h3 Bh5 8. Bb5 0-0 9. Bxc6 bxc6 10. Ne2 Bxf3 11. gxf3 Qd7 12. Kh2 Nh5 13. Ng3 Nxg3 14. fxg3 f5 15. Be3 Bf6 16. g4 fxg4 17. fxg4 c5 18. Qe2 Qe7 19. Rf3 Bg5 20. Raf1 Bf4+ 21. Kg2 g5 22. Bxf4 exf4 23. d4 d5 24. Re1 Rae8 25. e5 cxd4 26. Qd3 c5 27. c3 Qb7 28. cxd4 Qxb2+ 29. Re2 Qxd4 30. Qxd4 cxd4 31. e6 Kg7 32. Re5 h6 33. Ra3 Re7 34. Rxd5 Rf6 35. Rxd4 Rfxe6 36. Rda4 Re2+ 37. Kf1 Re1+ 38. Kf2 R7e2+ 39. Kf3 Re3+ 40. Kf2 R1e2+ 41. Kf1 Rxa3 42. Rxa3 Re7 43. Ra6 Rc7 44. a4 Rb7 45. Kg2 1/2-1/2

[Event "Schlechter Memorial"]
[Site "Vienna"]
[Date "1996.??.??"]
[Round "9"]
[White "Weinzettl, Ernst"]
[Black "Blatny, Frantisek"]
[Result "0-1"]
[WhiteElo "2365"]
[BlackElo "2325"]
[PlyCount "109"]
[EventDate "1996.10.10"]
[EventType "swiss"]
[EventRounds "9"]
[EventCountry "AUT"]
[SourceTitle "CBM 055 Extra"]
[Source "ChessBase"]
[SourceDate "1997.01.01"]
[SourceVersion "1"]
[SourceVersionDate "1997.01.01"]
[SourceQuality "1"]

1. Nf3 Nf6 2. c4 e6 3. b3 b6 4. g3 Bb7 5. Bg2 c5 6. 0-0 d6 7. Bb2 Be7 8. e3 Nbd7 9. Qe2 0-0 10. Nc3 Qc7 11. d3 a6 12. e4 Rfe8 13. Ne1 Ne5 14. f4 Nc6 15. Nc2 Nd4 16. Nxd4 cxd4 17. Nb1 e5 18. Nd2 b5 19. Rac1 Qa5 20. a3 b4 21. Ra1 bxa3 22. Bxa3 Qc7 23. b4 Nd7 24. Nb3 f6 25. Bh3 Nf8 26. Qa2 g6 27. fxe5 dxe5 28. c5 Kg7 29. Na5 Bc6 30. Rf3 h5 31. Raf1 Nh7 32. Bc1 Bb5 33. Be6 Rf8 34. h4 Rh8 35. Qd2 Nf8 36. Bd5 Rb8 37. Qf2 Nh7 38. Nb3 Ba4 39. Nxd4 exd4 40. Bf4 Qa7 41. e5 f5 42. e6 Bf6 43. Bd6 Rhf8 44. Qe2 Rbe8 45. Re1 Re7 46. Qd2 Rfe8 47. Qf4 Bd7 48. Bxe7 Rxe7 49. c6 Bc8 50. Rf2 Nf8 51. Rfe2 Qb6 52. Qd6 a5 53. bxa5 Qxa5 54. Qb8 Ba6 55. Bc4 0-1

[Event "Ptuj"]
[Site "Ptuj"]
[Date "1995.??.??"]
[Round "3"]
[White "Blatny, Frantisek"]
[Black "Petrosian, Arshak B"]
[Result "0-1"]
[WhiteElo "2355"]
[BlackElo "2435"]
[PlyCount "80"]
[EventDate "1995.??.??"]
[EventType "tourn"]
[EventRounds "11"]
[EventCountry "SLO"]
[EventCategory "8"]
[SourceTitle "EXT 2000"]
[Source "ChessBase"]
[SourceDate "1999.11.16"]
[SourceVersion "1"]
[SourceVersionDate "1999.11.16"]
[SourceQuality "1"]

1. e4 c5 2. Nc3 d6 3. g3 Nc6 4. Bg2 g6 5. d3 Bg7 6. Be3 Nf6 7. h3 0-0 8. Qd2 Nd4 9. Nd1 e5 10. c3 Ne6 11. f4 exf4 12. gxf4 Nh5 13. Ne2 f5 14. Nf2 Qh4 15. 0-0-0 g5 16. Ng4 Nhxf4 17. Nxf4 Nxf4 18. Bxf4 gxf4 19. exf5 Bxf5 20. Bxb7 Rab8 21. Bd5+ Kh8 22. Nh2 Bg6 23. Nf3 Qh5 24. c4 Rxb2 25. Qxb2 Bxb2+ 26. Kxb2 Qf5 27. Kc2 Re8 28. Nh4 Re2+ 29. Kb3 Qe5 30. Nxg6+ hxg6 31. Rb1 Qe3 32. Be4 Qd2 33. Ka4 Qxa2+ 34. Kb5 Rb2+ 35. Rxb2 Qxb2+ 36. Kc6 a5 37. Rg1 a4 38. Rxg6 a3 39. Kd7 Qe5 40. Rg2 Qg7+ 0-1

[Event "Ptuj"]
[Site "Ptuj"]
[Date "1995.??.??"]
[Round "2"]
[White "Cebalo, Miso"]
[Black "Blatny, Frantisek"]
[Result "1-0"]
[WhiteElo "2570"]
[BlackElo "2355"]
[PlyCount "81"]
[EventDate "1995.??.??"]
[EventType "tourn"]
[EventRounds "11"]
[EventCountry "SLO"]
[EventCategory "8"]
[SourceTitle "EXT 2000"]
[Source "ChessBase"]
[SourceDate "1999.11.16"]
[SourceVersion "1"]
[SourceVersionDate "1999.11.16"]
[SourceQuality "1"]

1. d4 Nf6 2. Nf3 e6 3. c4 b6 4. a3 Bb7 5. Nc3 d5 6. Bg5 Be7 7. Qa4+ c6 8. Bxf6 Bxf6 9. cxd5 exd5 10. g3 0-0 11. Bg2 Re8 12. 0-0 a5 13. Rad1 b5 14. Qc2 b4 15. Na4 Nd7 16. Rfe1 Qe7 17. Bh3 Nf8 18. Nc5 Bc8 19. Bxc8 Rexc8 20. e4 Qd6 21. axb4 axb4 22. Qb3 Rab8 23. Re2 g6 24. h4 Bg7 25. e5 Qe7 26. Ra1 Ne6 27. Rc2 Nxc5 28. Rxc5 f6 29. Ra6 fxe5 30. Raxc6 Rxc6 31. Rxc6 exd4 32. Qxd5+ Qf7 33. Qe4 Re8 34. Qd3 Qd5 35. Rc1 Rf8 36. Ne1 Kh8 37. Qe2 Qb3 38. Nd3 Bh6 39. Rc7 Bg7 40. Qe7 Qd1+ 41. Kh2 1-0

[Event "CSR-ch"]
[Site "Bratislava"]
[Date "1991.??.??"]
[Round "2"]
[White "Blatny, Frantisek"]
[Black "Plachetka, Jan"]
[Result "0-1"]
[WhiteElo "2340"]
[BlackElo "2425"]
[PlyCount "94"]
[EventDate "1991.??.??"]
[EventType "swiss"]
[EventRounds "11"]
[EventCountry "CZE"]
[SourceTitle "EXT 1997"]
[Source "ChessBase"]
[SourceDate "1996.11.15"]
[SourceVersion "1"]
[SourceVersionDate "1996.11.15"]
[SourceQuality "1"]

1. e4 d6 2. d4 Nf6 3. Nc3 g6 4. f3 c6 5. Be3 Nbd7 6. Qd2 b5 7. g4 Nb6 8. h4 h5 9. g5 Nfd7 10. f4 Bg7 11. f5 b4 12. Nd1 c5 13. c3 bxc3 14. bxc3 Bb7 15. fxg6 fxg6 16. Nf2 0-0 17. a4 cxd4 18. cxd4 Rc8 19. Ngh3 e5 20. d5 Nc5 21. Bxc5 Rxc5 22. a5 Nc4 23. Bxc4 Rxc4 24. 0-0 Qc7 25. Rfc1 Bc8 26. Kg2 Bd7 27. Ng1 Bb5 28. Rxc4 Qxc4 29. Rc1 Qb3 30. Qc3 Qa2 31. Rc2 Qa4 32. Nf3 Rf7 33. Rc1 Be2 34. Ng1 Ba6 35. Rb1 Bf8 36. Rb8 Qa2 37. Nf3 Qe2 38. Rb1 Be7 39. Kg3 Kg7 40. Rg1 Bd8 41. Ra1 Rc7 42. Qe1 Qxe1 43. Nxe1 Rc5 44. Nfd3 Rxa5 45. Rxa5 Bxa5 46. Kf3 Kf7 47. Ke3 Ke7 0-1

[Event "CSR-ch"]
[Site "Bratislava"]
[Date "1991.??.??"]
[Round "10"]
[White "Piza, Vlastimil"]
[Black "Blatny, Frantisek"]
[Result "1-0"]
[WhiteElo "2350"]
[BlackElo "2340"]
[PlyCount "75"]
[EventDate "1991.??.??"]
[EventType "swiss"]
[EventRounds "11"]
[EventCountry "CZE"]
[SourceTitle "EXT 1997"]
[Source "ChessBase"]
[SourceDate "1996.11.15"]
[SourceVersion "1"]
[SourceVersionDate "1996.11.15"]
[SourceQuality "1"]

1. Nf3 f5 2. c4 Nf6 3. g3 b6 4. Bg2 Bb7 5. 0-0 e6 6. Nc3 c5 7. d4 cxd4 8. Nxd4 Bxg2 9. Kxg2 Qc8 10. b3 Nc6 11. Ndb5 Qb8 12. Bf4 e5 13. Bc1 a6 14. Na3 Bc5 15. Nc2 0-0 16. Bg5 Qb7 17. f3 Nd4 18. Rb1 Ng4 19. Nd5 Nxc2 20. Qxc2 Nh6 21. Bxh6 gxh6 22. Qd2 Kg7 23. b4 Bd6 24. c5 Bc7 25. Ne7 Bd8 26. Qd6 Bxe7 27. Qxe7+ Kg8 28. Rfd1 Rae8 29. Qxd7 Re7 30. Qxb7 Rxb7 31. c6 Rc7 32. Rd6 Re8 33. Rc1 Kg7 34. a4 b5 35. axb5 axb5 36. Rc5 e4 37. Kf2 exf3 38. Kxf3 1-0

[Event "Hajduszoboszlo IM"]
[Site "Hajduszoboszlo"]
[Date "1987.12.09"]
[Round "8"]
[White "Blatny, Frantisek"]
[Black "Orso, Miklos"]
[Result "0-1"]
[WhiteElo "2275"]
[BlackElo "2360"]
[PlyCount "104"]
[EventDate "1987.12.01"]
[EventType "tourn"]
[EventRounds "11"]
[EventCountry "HUN"]
[EventCategory "5"]
[SourceTitle "EXT 2015"]
[Source "ChessBase"]
[SourceDate "2014.11.20"]
[SourceVersion "1"]
[SourceVersionDate "2014.11.20"]
[SourceQuality "1"]

1. e4 c5 2. Nc3 e6 3. g3 d5 4. exd5 exd5 5. Bg2 Nf6 6. d4 cxd4 7. Nce2 Bb4+ 8. Bd2 Qb6 9. Nf3 Nc6 10. 0-0 Bxd2 11. Nxd2 Qxb2 12. Nb3 0-0 13. Nexd4 Nxd4 14. Nxd4 Qc3 15. Re1 Bd7 16. Re3 Qc4 17. Qd2 Rac8 18. f3 Rfe8 19. Rb3 b6 20. a4 Qc5 21. Bf1 a5 22. Kg2 Red8 23. Ba6 Rb8 24. h4 Ne8 25. Bd3 Nd6 26. Qf4 Nc4 27. Bf5 Qe7 28. Bxd7 Qxd7 29. Rb5 Re8 30. g4 Qe7 31. Kg3 Rbc8 32. Rxd5 Ne3 33. Nf5 Qf6 34. Rd4 Nxf5+ 35. gxf5 Rxc2 36. Re1 Rcc8 37. Rd6 Rxe1 38. Rxf6 gxf6 39. Qg4+ Kf8 40. Qd4 Rc6 41. h5 h6 42. Qd2 Rg1+ 43. Kf2 Rg5 44. Qd5 Rc5 45. Qa8+ Kg7 46. f4 Rc2+ 47. Ke3 Rxh5 48. Qe4 Rhh2 49. Qb7 Rb2 50. Kd3 h5 51. Kc3 Rhc2+ 52. Kd3 Rg2 0-1

[Event "Hajduszoboszlo IM"]
[Site "Hajduszoboszlo"]
[Date "1987.12.07"]
[Round "6"]
[White "Blatny, Frantisek"]
[Black "Kiss, Attila"]
[Result "0-1"]
[WhiteElo "2275"]
[BlackElo "2405"]
[PlyCount "80"]
[EventDate "1987.12.01"]
[EventType "tourn"]
[EventRounds "11"]
[EventCountry "HUN"]
[EventCategory "5"]
[SourceTitle "EXT 2015"]
[Source "ChessBase"]
[SourceDate "2014.11.20"]
[SourceVersion "1"]
[SourceVersionDate "2014.11.20"]
[SourceQuality "1"]

1. e4 d5 2. exd5 Qxd5 3. Nc3 Qa5 4. Nf3 Nf6 5. d4 Bg4 6. Be2 Nc6 7. h3 Bh5 8. 0-0 0-0-0 9. Be3 e5 10. Nxe5 Bxe2 11. Qxe2 Nxe5 12. dxe5 Qxe5 13. Rfe1 Bd6 14. g3 Qf5 15. Kg2 a6 16. Rac1 Rhe8 17. Qf3 Qxf3+ 18. Kxf3 Bb4 19. Bg5 Bxc3 20. bxc3 Rxe1 21. Rxe1 Rd5 22. Bf4 Kd7 23. Re5 Rxe5 24. Bxe5 Ne8 25. Ke4 Kc6 26. Bd4 b5 27. h4 f6 28. Be3 Nd6+ 29. Kd3 Kd5 30. Bf4 Ne4 31. f3 Nc5+ 32. Kd2 Ne6 33. Be3 Kc4 34. Bf2 c5 35. Be1 Nc7 36. Ke3 Nd5+ 37. Ke4 g6 38. h5 Nxc3+ 39. Bxc3 Kxc3 40. Kd5 c4 0-1

[Event "Hajduszoboszlo IM"]
[Site "Hajduszoboszlo"]
[Date "1987.12.04"]
[Round "4"]
[White "Blatny, Frantisek"]
[Black "Felegyhazi, Laszlo"]
[Result "1/2-1/2"]
[WhiteElo "2275"]
[BlackElo "2295"]
[PlyCount "37"]
[EventDate "1987.12.01"]
[EventType "tourn"]
[EventRounds "11"]
[EventCountry "HUN"]
[EventCategory "5"]
[SourceTitle "EXT 2015"]
[Source "ChessBase"]
[SourceDate "2014.11.20"]
[SourceVersion "1"]
[SourceVersionDate "2014.11.20"]
[SourceQuality "1"]

1. e4 c5 2. Nc3 Nc6 3. g3 g6 4. Bg2 Bg7 5. d3 Nf6 6. f4 d6 7. Nf3 0-0 8. 0-0 Bd7 9. Nh4 Qc8 10. f5 Nd4 11. g4 h6 12. h3 g5 13. Nf3 Nxf3+ 14. Qxf3 Bc6 15. h4 Nh7 16. Ne2 Rd8 17. hxg5 hxg5 18. c4 b5 19. cxb5 1/2-1/2